Společenská odpovědnost firem

Význam uplatňovania princípu spoločenskej zodpovednosti firiem (Corporate social responsibility - CSR) pre veľké korporácie ako i pre malé a stredné firmy. Podstata CSR. CSR z hľadiska ekonomického, sociálneho a environmentálneho rozmeru. Nástroje overovania CSR.

Salvato in:
Dettagli Bibliografici
Autore principale: Šaroch, Viktor
Natura: Capitolo di libro
Lingua:ceco
Soggetti:
Tags: Aggiungi Tag
Nessun Tag, puoi essere il primo ad aggiungerne!!

MARC

LEADER 00000naa$a2200000$$$4500
001 0061254
005 20231128135318.6
041 0 |a cze 
044 |a CZ 
245 1 0 |a Společenská odpovědnost firem  |c Viktor Šaroch 
520 |a Význam uplatňovania princípu spoločenskej zodpovednosti firiem (Corporate social responsibility - CSR) pre veľké korporácie ako i pre malé a stredné firmy. Podstata CSR. CSR z hľadiska ekonomického, sociálneho a environmentálneho rozmeru. Nástroje overovania CSR. 
610 2 0 |a podnik 
610 2 0 |a riadenie podnikové 
610 2 0 |a zodpovednosť spoločenská 
610 2 0 |a etika 
610 2 0 |a kódexy etické 
610 2 0 |a certifikácia 
610 2 0 |a vzťahy pracovné 
610 2 0 |a ekológia 
610 2 0 |a zamestnávatelia 
610 2 0 |a zamestnanci 
100 1 |a Šaroch, Viktor